Một số giải pháp quản lí hoạt động giáo dục hướng nghiệp ở các trường THPT thị xã Bạc Liêu tỉnh Bạc Liêu Luận văn thạc Khoa học Giáo dục . Chuyên ngành: Quản lí Giáo dục. Mã số: 60 14 01 14

Shranjeno v:
Bibliografske podrobnosti
Glavni avtor: Phạm, Đăng Khoa
Drugi avtorji: Phạm Minh Hùng (Hướng dẫn)
Format: Luận văn Kit Knjiga
Izdano: Nghệ An Đại học Vinh 2009
Teme:
Oznake: Označite
Brez oznak, prvi označite!
Thư viện lưu trữ: Trung tâm Học liệu Lê Vũ Hùng, Trường Đại học Đồng Tháp
LEADER 01202ppm a22003018a 4500
001 00036495
005 20171026081025.0
008 170303s2009 ||||||Viesd
041 0 # |a Vie 
082 1 4 |a 373.246  |b M458S 
100 1 # |a Phạm, Đăng Khoa 
245 0 0 |a Một số giải pháp quản lí hoạt động giáo dục hướng nghiệp ở các trường THPT thị xã Bạc Liêu tỉnh Bạc Liêu  |b Luận văn thạc Khoa học Giáo dục . Chuyên ngành: Quản lí Giáo dục. Mã số: 60 14 01 14  |c Phạm Đăng Khoa; Phạm Minh Hùng (hướng dẫn) 
260 # # |a Nghệ An  |b Đại học Vinh  |c 2009 
300 # # |a 78tr.  |c 30cm. 
500 # # |a ĐTTTS ghi: Bộ giáo dục và đào tạo. Đại học Vinh 
653 # # |a Bạc Liêu 
653 # # |a Hướng nghiệp 
653 # # |a THPT 
653 # # |a Quản lý 
653 # # |a Luận văn 
700 1 # |a Phạm Minh Hùng  |e Hướng dẫn 
852 # # |j LV.0001275 
852 # # |b Kho đọc SĐH  |j LV.0001275 
910 |d 03/03/2017 
980 # # |a Trung tâm Học liệu Lê Vũ Hùng, Trường Đại học Đồng Tháp